000 00376nam a2200133Ia 4500
008 220803s9999 xx 000 0 und d
041 _aeng
082 _a728.38 RAY
100 _aRaymond J G Jr.
_910240
245 _aFeng Shui : The Pillars Of Destiny.
260 _aNew York
_bTimes Books International
_c1994
500 _aArchitecture
650 _aArchitectural History
_910241
999 _c8859
_d8859